000
00292nam a2200109Ia 4500
008
190216s9999||||xx |||||||||||||| ||und||
100
_a
Wilfred Beckerman
245
0
_a
Introduction To National Income Analysis
260
_b
English Language Book Society
_c
1976
300
_a
308p
942
_c
BK
999
_c
11545
_d
11545